Statistics for Forbes 20 Most Powerful People In The World

Click here to take the quiz!

General Stats

  • This quiz has been taken 154 times
  • The average score is 9 of 20

Answer Stats

CountryOrganisationAnswer% Correct
United StatesPolitics/BusinessDonald Trump
98%
RussiaPoliticsVladimir Putin
97%
United StatesMicrosoftBill Gates
89%
GermanyPoliticsAngela Merkel
88%
United StatesFacebookMark Zuckerburg
79%
Vatican CityRoman Catholic ChurchPope Francis
79%
United KingdomPoliticsTheresa May
67%
United StatesAmazonJeff Bezos
52%
ChinaPoliticsXi Jinping
44%
IsraelPoliticsBenjamin Netanyahu
34%
United StatesBerkshire HathawayWarren Buffett
32%
IndiaPoliticsNarendra Modi
28%
United StatesGoogleLarry Page
26%
MexicotelecomCarlos Slim Helu
20%
ItalyEuropean Central BankMario Draghi
17%
Saudi ArabiaRoyaltySalman Bin Abdulaziz Al Saud
13%
IranGrand AyatollahAli Hoseini Khamenei
10%
United StatesBankingJamie Dimon
5%
United StatesPoliticsJanet Yellen
5%
ChinaPoliticsLi Keqiang
2%

Score Distribution

Percentile by Number Answered

Percent of People with Each Score

Your Score History

You have not taken this quiz